000 00937nam a2200229 i 4500
001 bg
245 0 0 _aBoundary element techniques and singularity Methods in engineering :
_bII International Conference.
260 _aWrocław :
_bWydaw. Politechniki Wrocławskiej,
_c1993.
300 _a208 s. :
_brys., wykr. ;
_c24 cm.
490 1 _aPrace NAukowe Instytutu Konstrukcji i Eksploatacji Maszyn Politechniki Wrocławskiej. Konferencje,
_x0324-9646 ;
_v24
500 _aNumeracja ser. gł. : 74.
504 _aBibliogr. przy ref.
650 9 _aMetody i |zagadnienia brzegowe
650 9 _aAnaliza numeryczna
_xstosowanie
_xmechanika
655 _aMateriały konferencyjne
830 0 _aPrace NAukowe Instytutu Konstrukcji i Eksploatacji Maszyn Politechniki Wrocławskiej.
_pKonferencje ;
_v24
040 _cBPK
041 0 _aen
080 _a621.01:532:519.61/.65:519.688
942 _cKS
008 s pl f |000 0 pol
999 _c30296
_d30296
856 _uhttp://koha.tu.koszalin.pl/cgi-bin/koha/opac-detail.pl?biblionumber=30296
_yKatalog online BPK